Statistiken für Bundesstaaten der Indien

Klicken Sie hier um das Quiz zu spielen!

Allgemein

  • Dieses Quiz wurde 246 mal gespielt
  • Das Durchschnittsergebnis liegt bei 11 aus 36

Antworten auf der Karte

Die Antworten werden auf der Karte rot bzw. grün angezeigt, abhängig davon wie oft sie richtig erraten wurden.
 

Antwortstatistiken

Bundesstaaten% Korrekt
Delhi
71%
Goa
59%
Uttar Pradesh
57%
Kerala
55%
Tamil Nadu
52%
Gujarat
45%
Punjab
45%
Westbengalen
45%
Andhra Pradesh
42%
Jammu und Kashmir
41%
Rajasthan
41%
Assam
36%
Karnataka
36%
Bihar
35%
Maharashtra
30%
Sikkim
29%
Himachal Pradesh
28%
Ladakh
26%
Andamanen und Nikobareninseln
25%
Odisha
25%
Haryana
23%
Madhya Pradesh
22%
Manipur
22%
Nagaland
19%
Uttarakhand
19%
Arunachal Pradesh
17%
Mizoram-
17%
Pondicherry
17%
Telangana
17%
Chhattisgarh
14%
Jharkhand
13%
Meghalaya
13%
Chandigarh
12%
Dadra und Nagar Haveli und Daman und Diu
12%
Tripura
12%
Lakshadweep
9%

Verteilung der Resultate

Perzentil nach korrekt beantworteten Fragen

Anzahl Personen mit jedem Resultat

Ihre Resultats-Entwicklung

Sie haben dieses Quiz noch nicht gespielt